Marketing Today's Fashion / (Record no. 17407)
[ view plain ]
| 000 -LEADER | |
|---|---|
| fixed length control field | 00989pam a2200265 a 4500 |
| 001 - CONTROL NUMBER | |
| control field | 3486689 |
| 005 - DATE AND TIME OF LATEST TRANSACTION | |
| control field | 20130327135227.0 |
| 008 - FIXED-LENGTH DATA ELEMENTS--GENERAL INFORMATION | |
| fixed length control field | 940428s1995 njuaf b 001 0 eng |
| 010 ## - LIBRARY OF CONGRESS CONTROL NUMBER | |
| LC control number | 94017476 |
| 020 ## - INTERNATIONAL STANDARD BOOK NUMBER | |
| International Standard Book Number | 0130430013 |
| 020 ## - INTERNATIONAL STANDARD BOOK NUMBER | |
| International Standard Book Number | 9780130430014 |
| 082 00 - DEWEY DECIMAL CLASSIFICATION NUMBER | |
| Classification number | 687.0688 |
| Edition number | 22 |
| Item number | MUE |
| 100 1# - MAIN ENTRY--PERSONAL NAME | |
| Personal name | Mueller, Carol Stewart. |
| 9 (RLIN) | 32993 |
| 245 10 - TITLE STATEMENT | |
| Title | Marketing Today's Fashion / |
| Statement of responsibility, etc | Carol Stewart Mueller, Eleanor Lewit Smiley. |
| 250 ## - EDITION STATEMENT | |
| Edition statement | 3rd ed. |
| 260 ## - PUBLICATION, DISTRIBUTION, ETC. (IMPRINT) | |
| Place of publication, distribution, etc | Englewood Cliffs, N.J. : |
| Name of publisher, distributor, etc | Prentice Hall Education, Career & Technology, |
| Date of publication, distribution, etc | c1995. |
| 300 ## - PHYSICAL DESCRIPTION | |
| Extent | xiv, 402 p., [8] p. of plates : |
| Other physical details | ill. (some col.) ; |
| Dimensions | 25 cm. |
| 500 ## - GENERAL NOTE | |
| General note | Rev. ed. of: Marketing today's fashion / Helena de Paola. 2nd ed. 1986. |
| 504 ## - BIBLIOGRAPHY, ETC. NOTE | |
| Bibliography, etc | Includes bibliographical references (p. 388-389) and index. |
| 650 #0 - SUBJECT ADDED ENTRY--TOPICAL TERM | |
| Topical term or geographic name as entry element | Fashion merchandising. |
| 9 (RLIN) | 32994 |
| 653 ## - INDEX TERM--UNCONTROLLED | |
| Resource For college | |
| Arrived date list | March2013 |
| 700 1# - ADDED ENTRY--PERSONAL NAME | |
| Personal name | Smiley, Eleanor Lewit. |
| 9 (RLIN) | 32995 |
| 700 1# - ADDED ENTRY--PERSONAL NAME | |
| Personal name | DePaola, Helena. |
| Title of a work | Marketing today's fashion. |
| 9 (RLIN) | 32996 |
| 942 ## - ADDED ENTRY ELEMENTS (KOHA) | |
| Source of classification or shelving scheme | Dewey Decimal Classification |
| Item type | Book - Borrowing |
| Withdrawn status | Item status | Source of classification or shelving scheme | Damaged status | Not for loan | Vendor | Home library | Current library | Shelving location | Date acquired | Source of acquisition | Total Checkouts | Full call number | Barcode | Date last seen | Koha item type | Date last borrowed |
|---|---|---|---|---|---|---|---|---|---|---|---|---|---|---|---|---|
| Dewey Decimal Classification | Baccah | Central Library | Central Library | First floor | 27/03/2013 | 687.0688 MUE | 000028638 | 15/07/2025 | Book - Borrowing | |||||||
| Dewey Decimal Classification | Baccah | Central Library | Central Library | First floor | 27/03/2013 | 687.0688 MUE | 000028639 | 15/07/2025 | Book - Borrowing | |||||||
| Dewey Decimal Classification | Baccah | Central Library | Central Library | First floor | 27/03/2013 | 2 | 687.0688 MUE | 000028640 | 15/07/2025 | Book - Borrowing | 17/03/2014 |